000 00608nam a2200193Ia 4500
003 GCL
008 140319s9999 xx 000 0 ara d
040 _aGCL /
_cGCL
082 0 4 _aط
_b611.9
_bا م
100 1 _aاحمد شفيق الخطيب
245 1 0 _aموسوعة المشاهدة العيانية - جسم الانسان /
_cاحمد شفيق الخطيب
300 _a64 ص
490 _aالهيئة العامة للاستعلامات
_v0
650 0 4 _aالاطفال
650 0 4 _aجسم الانسان
650 0 4 _aالتشريح
650 0 4 _aالجسد البشرى
942 _2ddc
_cBK
999 _c48245
_d48245